000 00454nam a2200169Ia 4500
003 GCL
008 140319s9999 xx 000 0 eng d
040 _aGCL /
_cGCL
082 0 4 _a320.41
_bH P
100 1 _aHEYWOOD, ANDREW
245 1 0 _aPOLITICAL IDEAS AND CONCEPTS: AN INTRODUCTION /
_cHEYWOOD, ANDREW
260 _a[S.N] :
_bMACMILIAN ،
_c1994
300 _a369 P
650 0 4 _aGOVERNMENT
650 0 4 _aGOVERNMENT AND THE STATE
942 _2ddc
_cBK
999 _c21413
_d21413